000 00313nam a2200133Ia 4500
008 191201s2008 xx 000 0 und d
082 _a005.26
_bBRI
100 _aBrey, Barry B.
245 0 _aIntel Microprocessors
260 _aN.Delhi
_bPHI
_c2008
300 _a900
650 _aB.Tech(ECE)
942 _2ddc
_cBK
_01
999 _c3472
_d3472